| 000 | 01056nam a22003134c 4500 | ||
|---|---|---|---|
| 999 |
_c46290 _d46290 |
||
| 001 | 19933 | ||
| 003 | CO-MdFUSB | ||
| 005 | 20180622073201.0 | ||
| 008 | 180208t1982 enk||||| |||| 00| 0 eng d | ||
| 020 | _a0-281-03856-2 | ||
| 040 |
_aCO-MdFUSB _bspa _cCO-MdFUSB _dCO-MdFUSB _erda |
||
| 041 | _aeng | ||
| 082 |
_224 _aG 227.7 _bS413l |
||
| 100 | 1 |
_aSchweizer, Eduard _eautor |
|
| 242 | 1 | 3 |
_aLa carta a los colosenses _b: un comentario _lInglés |
| 245 | 1 | 4 |
_aThe letter to the Colossians _b: A commentary _c/ Eduard Schweizer, traducido por Andrew Chester |
| 264 | 4 |
_aLondon : _bSPCK, _c©1982 |
|
| 300 |
_a319 páginas _c22 cm. |
||
| 336 |
_2rdacontent _atexto _btxt |
||
| 337 |
_2rdamedia _asin mediación _bn |
||
| 338 |
_2rdacarrier _avolumen _bnc |
||
| 501 | _aIncluye índices (p. 313-319) | ||
| 504 | _aBibliografía (p. 303- 312) | ||
| 505 | 0 | 0 | _aIntroducción a la epístola a los Colosenses - Comentario - El impacto de Colosenses - Perspectivas |
| 563 | _aPasta dura | ||
| 653 | _aColosenses | ||
| 942 | _cBK | ||